000 00783nab a2200241u 4500
001 10519
003 HDC
007 c| |||a|c|aaaa
008 210204b99999999my ||||o |||| 00| 0 eng d
040 _aHDC
245 0 _aM'sia eyes new progress in regionalising halal standards
336 _atext
_2rdacontent
337 _acomputer
_2rdamedia
338 _aonline resource
_2rdacarrier
650 _aAsean Economic Community
_910808
650 _ahalal standards
_92716
650 _aWorld Halal Conference
_910716
710 _aDaily Express
856 _zRequest full-text at [email protected]
942 _2lcc
942 _cNEWS
942 _kNWS0 000821
999 _c7842
_d7842